| 000 -LEADER |
| fixed length control field |
01474pab a2200193 454500 |
| 008 - FIXED-LENGTH DATA ELEMENTS--GENERAL INFORMATION |
| fixed length control field |
180718b2007 xxu||||| |||| 00| 0 eng d |
| 100 ## - MAIN ENTRY--PERSONAL NAME |
| Personal name |
Bux, Shahid |
| 245 ## - TITLE STATEMENT |
| Title |
Muslim youths, Islam and violent radicalisation: addressing some myths |
| 260 ## - PUBLICATION, DISTRIBUTION, ETC. |
| Date of publication, distribution, etc. |
2007 |
| 300 ## - PHYSICAL DESCRIPTION |
| Extent |
p.267-78. |
| 520 ## - SUMMARY, ETC. |
| Summary, etc. |
Since the terrorist attack on 11 September 2001, it is generally accepted by many that the world confronts a new and qualitatively distinct type of security challenge from an equally 'new' kind of terrorism. While earlier instances of political violence by non-state actors were geographically constrained, and generally directed towards unambiguous political objectives, the new networks of terrorist violence function across a global dimensions whose goals are more dispersed. An example of this is to be found in the London attacks on 7 July 2005. Public and political discourse throughout the west often describes the 'new' problems of global political violence partly in terms ' radicalisation' process (es) among Muslim groups in different parts of the world. This article addresses the UK government response to the radicalisation phenomenon and shows how existing policies and measures have failed to gauge the complexity of the radicalisation process, and risk creating further community divisions. - Reproduced. |
| 650 ## - SUBJECT ADDED ENTRY--TOPICAL TERM |
| Topical term or geographic name entry element |
Violence |
| 650 ## - SUBJECT ADDED ENTRY--TOPICAL TERM |
| Topical term or geographic name entry element |
Youth |
| 650 ## - SUBJECT ADDED ENTRY--TOPICAL TERM |
| Topical term or geographic name entry element |
Moslems |
| 650 ## - SUBJECT ADDED ENTRY--TOPICAL TERM |
| Topical term or geographic name entry element |
Police |
| 773 ## - HOST ITEM ENTRY |
| Main entry heading |
Police Journal |
| 908 ## - PUT COMMAND PARAMETER (RLIN) |
| Put command parameter |
N |
| 909 ## - |
| -- |
76968 |